<?xml version="1.0" encoding="UTF-8"?>
<record
    xmlns:xsi="http://www.w3.org/2001/XMLSchema-instance"
    xsi:schemaLocation="http://www.loc.gov/MARC21/slim http://www.loc.gov/standards/marcxml/schema/MARC21slim.xsd"
    xmlns="http://www.loc.gov/MARC21/slim">

  <leader>03055cam a22004454i 4500</leader>
  <controlfield tag="003">PE-LiUPU</controlfield>
  <controlfield tag="005">20250731165422.0</controlfield>
  <controlfield tag="008">160108s2014    pe a   grm    000 0 spa d</controlfield>
  <datafield tag="035" ind1=" " ind2=" ">
    <subfield code="a">(Sirsi) a155651</subfield>
  </datafield>
  <datafield tag="040" ind1=" " ind2=" ">
    <subfield code="a">PE-LiUPU</subfield>
    <subfield code="b">spa</subfield>
    <subfield code="c">PE-LiUPU</subfield>
    <subfield code="e">rda</subfield>
  </datafield>
  <datafield tag="099" ind1=" " ind2=" ">
    <subfield code="a">TEF 3</subfield>
    <subfield code="b">M22 2014</subfield>
  </datafield>
  <datafield tag="100" ind1="1" ind2=" ">
    <subfield code="a">Manturano Vel&#xE1;squez, Gladys Norma</subfield>
    <subfield code="e">autor</subfield>
  </datafield>
  <datafield tag="245" ind1="1" ind2=" ">
    <subfield code="a">Apoyo emocional del profesional de enfermer&#xED;a y el afrontamiento de los padres de pacientes pedi&#xE1;tricos postoperados con cardiopat&#xED;a cong&#xE9;nita en el Instituto Nacional del Coraz&#xF3;n, 2013 /</subfield>
    <subfield code="c">Gladys Norma Manturano Vel&#xE1;squez.</subfield>
  </datafield>
  <datafield tag="264" ind1=" " ind2="0">
    <subfield code="c">2014.</subfield>
  </datafield>
  <datafield tag="300" ind1=" " ind2=" ">
    <subfield code="a">113 hojas </subfield>
    <subfield code="c">30 cm</subfield>
  </datafield>
  <datafield tag="336" ind1=" " ind2=" ">
    <subfield code="a">text</subfield>
    <subfield code="2">rdacontent</subfield>
  </datafield>
  <datafield tag="337" ind1=" " ind2=" ">
    <subfield code="a">unmediated</subfield>
    <subfield code="2">rdamedia</subfield>
  </datafield>
  <datafield tag="338" ind1=" " ind2=" ">
    <subfield code="a">volume</subfield>
    <subfield code="2">rdacarrier</subfield>
  </datafield>
  <datafield tag="502" ind1=" " ind2=" ">
    <subfield code="a">Tesis</subfield>
    <subfield code="b">(Mg.) -- </subfield>
    <subfield code="c">Universidad Peruana Uni&#xF3;n,</subfield>
    <subfield code="d">2014.</subfield>
  </datafield>
  <datafield tag="504" ind1=" " ind2=" ">
    <subfield code="a">Incluye referencias</subfield>
  </datafield>
  <datafield tag="520" ind1="3" ind2=" ">
    <subfield code="a">El cuidado de la esfera emocional es elemental m&#xE1;s a&#xFA;n si se experimenta una situaci&#xF3;n de crisis, porque un hijo padece cardiopat&#xED;a cong&#xE9;nita y va ser intervenido quir&#xFA;rgicamente, en estas condiciones, los padres recurren a diferentes mecanismos para paliar el sufrimiento, la intervenci&#xF3;n de enfermer&#xED;a es muy importante. El presente estudio tiene el objetivo de determinar la relaci&#xF3;n que existe entre apoyo emocional del profesional de enfermer&#xED;a y el afrontamiento de los padres de pacientes pedi&#xE1;tricos post operados con cardiopat&#xED;a  cong&#xE9;nita. Este estudio es de dise&#xF1;o no experimental, tipo cuantitativo, descriptivo, correlacional de corte transversal. La muestra estuvo compuesta por 44 padres de pacientes pedi&#xE1;tricos post operado con cardiopat&#xED;a cong&#xE9;nita, se utiliz&#xF3; un muestreo no probabil&#xED;stico. Para la recolecci&#xF3;n de datos se aplic&#xF3; el instrumento mediante el uso de criterios de inclusi&#xF3;n y exclusi&#xF3;n; fueron dos cuestionarios: uno para apoyo emocional y otro para afrontamiento, divididos en 3 dimensiones cada uno, cuyos resultados son referidos: el 27% de padres recibe apoyo emocional desfavorable y afrontamiento desfavorable. Aplicando la prueba estad&#xED;stica de chi cuadrado, la relaci&#xF3;n de las variables fue significativo p:009, es decir a mayor apoyo emocional del profesional de enfermer&#xED;a mejor afrontamiento de los padres de pacientes pedi&#xE1;tricos post operados con cardiopat&#xED;a cong&#xE9;nita. En conclusi&#xF3;n el apoyo emocional en los momentos de crisis es de vital importancia y depende de la calidad de apoyo que se brinda para tener un afrontamiento favorable.</subfield>
  </datafield>
  <datafield tag="526" ind1=" " ind2=" ">
    <subfield code="a">SEG44</subfield>
  </datafield>
  <datafield tag="526" ind1=" " ind2=" ">
    <subfield code="a">SEG26</subfield>
  </datafield>
  <datafield tag="526" ind1=" " ind2=" ">
    <subfield code="a">P151</subfield>
  </datafield>
  <datafield tag="526" ind1=" " ind2=" ">
    <subfield code="a">P150</subfield>
  </datafield>
  <datafield tag="526" ind1=" " ind2=" ">
    <subfield code="a">P149</subfield>
  </datafield>
  <datafield tag="526" ind1=" " ind2=" ">
    <subfield code="a">P146</subfield>
  </datafield>
  <datafield tag="526" ind1=" " ind2=" ">
    <subfield code="a">P145</subfield>
  </datafield>
  <datafield tag="526" ind1=" " ind2=" ">
    <subfield code="a">P126</subfield>
  </datafield>
  <datafield tag="526" ind1=" " ind2=" ">
    <subfield code="a">P125</subfield>
  </datafield>
  <datafield tag="526" ind1=" " ind2=" ">
    <subfield code="a">P92</subfield>
  </datafield>
  <datafield tag="526" ind1=" " ind2=" ">
    <subfield code="a">P75</subfield>
  </datafield>
  <datafield tag="526" ind1=" " ind2=" ">
    <subfield code="a">P74</subfield>
  </datafield>
  <datafield tag="526" ind1=" " ind2=" ">
    <subfield code="a">P27</subfield>
  </datafield>
  <datafield tag="526" ind1=" " ind2=" ">
    <subfield code="a">P15</subfield>
  </datafield>
  <datafield tag="650" ind1="1" ind2="4">
    <subfield code="a">Padres de ni&#xF1;os enfermos</subfield>
    <subfield code="x">Aspectos psicol&#xF3;gicos.</subfield>
  </datafield>
  <datafield tag="596" ind1=" " ind2=" ">
    <subfield code="a">1</subfield>
  </datafield>
  <datafield tag="942" ind1=" " ind2=" ">
    <subfield code="2">ddc</subfield>
    <subfield code="c">TESIS</subfield>
  </datafield>
  <datafield tag="999" ind1=" " ind2=" ">
    <subfield code="a">TEF 3 M22 2014</subfield>
    <subfield code="w">ALPHANUM</subfield>
    <subfield code="c">8326</subfield>
    <subfield code="i">T01503</subfield>
    <subfield code="d">8326</subfield>
    <subfield code="l">CCODEBUL3</subfield>
    <subfield code="m">BUL</subfield>
    <subfield code="q">1</subfield>
    <subfield code="r">1</subfield>
    <subfield code="s">Y</subfield>
    <subfield code="t">TESIS</subfield>
    <subfield code="u">2016-1-8</subfield>
    <subfield code="x">POSGRADO</subfield>
    <subfield code="P">P69</subfield>
    <subfield code="o">.PUBLIC. Tesis</subfield>
    <subfield code="o">.STAFF. Tesis</subfield>
  </datafield>
  <datafield tag="980" ind1=" " ind2=" ">
    <subfield code="8">1</subfield>
    <subfield code="g">ALBERTO SANCHEZ Responsable de Automatizaci&#xF3;n</subfield>
  </datafield>
  <datafield tag="952" ind1=" " ind2=" ">
    <subfield code="r">2018-07-02 00:00:00</subfield>
    <subfield code="l">0</subfield>
    <subfield code="o">TEF 3 M22 2014</subfield>
    <subfield code="p">T01503</subfield>
    <subfield code="t">e1</subfield>
    <subfield code="w">2016-01-08</subfield>
    <subfield code="x">PG</subfield>
    <subfield code="y">TESIS</subfield>
    <subfield code="z">Este &#xCD;tem NO se presta por ser Ejemplar #1.</subfield>
    <subfield code="1">0</subfield>
    <subfield code="2">ddc</subfield>
    <subfield code="7">1</subfield>
    <subfield code="8">TESIS</subfield>
    <subfield code="f">P69</subfield>
    <subfield code="a">BUL</subfield>
    <subfield code="b">BUL</subfield>
    <subfield code="c">TESIS</subfield>
    <subfield code="d">2016-01-08</subfield>
  </datafield>
</record>
